000 01058nas a2200313 4500
001 BR2019001548
003 BR-BrBNA
005 20231205131931.0
007 ta
008 230509b bl.|||p| |||| 00| 00por d
040 _aBR-BrBNA
_bpor
_cBiblioteca Nacional de Agricultura
041 _a(En)
072 _aF60; H60
100 1 _aBittencourt, H. von
100 1 _aTrezzi, M.M.
100 1 _aBonome, L.T. da S.
100 1 _aTeixeira, S.D.
100 1 _aBittencourt, T.B.
100 1 _aVargas, A.G. de
245 1 _aDecomposition of both Eragrostis plana biomass and soil influences the phytotoxicity and chemical characteristics of extracts
650 _aERVA DANINHA
650 _aFITOTOXICIDADE
650 _aANÁLISE QUÍMICA
650 _aALELOPATIA
773 0 _tCiêntifica. Revista de Ciências Agrárias (Brazil)
_xISSN 1984-5529
_g(2018), v. 46(2) p. 116-125
_wBR2019001548
856 4 0 _uhttp://cientifica.org.br/index.php/cientifica/article/view/1091/641
909 _a202311
_bLúcia
_c55
_dLúcia Elande
942 _2AGRIS
_n0
_cANA
999 _c257562
_d257562